• 首页
  • 本馆介绍
  • 公告通知
  • 最新文献
  • 馆藏检索
  • 电子资源
  • 读者导购
  • 参考咨询
  • 我的图书馆
  • 登录
  • 详细信息显示
  • 放入我的书架
  • 预约/预借图书
  • 作者相关作品
  • 分类相关作品
  • 丛书相关作品
  • 出版社相关作品

书目信息

  • 表格格式
  • 工作单格式
  • 卡片格式
题名:
资治通鉴故事丛书
    
 
作者: 徐尚衡 , 朱燕平 编著 ;易峰
分册: 2  
出版信息: 南京   江苏少年儿童出版社  1994
页数: 287页
开本: 19cm
丛书名:
单 册:
中图分类: K204.3 , I242
科图分类:
主题词: 古代史--中国--编年体 , 小说--中国
电子资源:
ISBN: 7-5346-1206-3
000 00902nam0 2200289 450
001 1570562859
005 20170926174736.87
010    @a7-5346-1206-3@dCNY5.50
100    @a20021005d1994 am y0chiy0110 ea
101 0  @achi
102    @aCN@b320000
105    @ay z 000zy
200 1  @a资治通鉴故事丛书@9zi zhi tong jian gu shi cong shu@e战争篇@h2@f朱燕平;易峰@Fzhu yan ping;yi feng
210    @a南京@c江苏少年儿童出版社@d1994
215    @a287页@d19cm
330    @a本书包括:帝王篇、名将篇、宰相篇、战争篇、忠烈篇、智谋篇、文人篇、义侠篇。
517 1  @a战争篇@Azhan zheng pian
605    @a《资治通鉴》@x通俗读物
606 0  @a古代史@x中国@x编年体
606 0  @a小说@x中国
690    @aK204.3@v5
690    @aI242@v4
701  0 @a徐尚衡@9xu shang heng@4编著
701  0 @a朱燕平@Azhu yan ping
702  0 @a易峰@Ayi feng
801  0 @aCN@bTSSF@c20150124
905    @aZUCC@dI242@eJY49:8:2
    
    资治通鉴故事丛书:战争篇.2/朱燕平;易峰.-南京:江苏少年儿童出版社,1994
    287页;19cm
    
    
    ISBN 7-5346-1206-3:CNY5.50
    本书包括:帝王篇、名将篇、宰相篇、战争篇、忠烈篇、智谋篇、文人篇、义侠篇。
●
相关链接 在E读中查询图书 在五车中查询图书 在当当中查询图书 在豆瓣中查询图书


正题名:资治通鉴故事丛书     索取号:I242/JY49:8:2         预约/预借

序号 登录号 条形码 馆藏地/架位号 状态 备注
1 7857002   278570020   学院路分馆/ [索取号:I242/JY49:8:2] 在馆    
2 7857003   278570039   学院路分馆/ [索取号:I242/JY49:8:2] 在馆    
唐山师范学院图书馆 欢迎您!
大连网信软件有限公司© 版权所有